01725 a2200181 45000010006000000050017000060080041000230030015000640400040000790800093001192450114002120200018003262640096003443000019004405051058004590410008015171000018015255896920260407155844.0260407a1996 arg spa dAR-UNSa-BCEJYS aAR-UNSa-BCEJYSbspacAR-UNSa-BCEJYS a339.92xCooperación económica internacional. Integración económica internacional10aLas relaciones económicas entre América Latina y la Unión EuropeapEl papel de los servicios exteriores a92-1-321438-3 1aSantiago de Chile :bCEPAL (Comisión Económica para América Latina y el Caribe)c1996 a396 p.c26 cm. a1. El concepto de cooperación internacional como asistencia oficial para el desarrollo - 2. La oferta europea de cooperación internacional - 3. La demanda de cooperación internacional de América Latina - 4. La inversión extranjera directa y la transferencia de tecnología entre Europa y América Latina - 5. El desarrollo del comercio entre América Latina y la Unión Europea - 6. El papel de los servicios exteriores en la cooperación, las inversiones, la transferencia de tecnología y el comercio internacional - 7. El papel de la cooperación en el sistema internacional - 8. América Latina y la oferta europea de cooperación internacional - 9. La demanda de cooperación internacional para el desarrollo de América Latina - 10. Inversión extranjera directa en América Latina: sus tendencias y aspectos institucionales - 11. La tranferencia tecnológica entre Europa y América Latina - 12. La política comercial de la Unión Europea - 13. La promoción de exportaciones de algunos países de América Latina . aspa1 aGana, Eduardo